Szczegóły MARC21

Podstawy ekonomiki przedsiębiorstw. T. 1 /

003 -Nazwa inst., której nr kontr. jest w polu 001 [,]
    • @
    • Nazwa instytucji, której n kontrolny jest w polu 001
    • NUKAT
005 -DATA I CZAS OSTATNIEJ MODYFIKACJI [,]
    • @
    • pole kontrolne
    • 20241231101231.0
020 -Międzynarod. znormalizowany nr książki - ISBN [ , ]
    • a
    • Numer ISBN
    • 8385798293 Find
    • q
    • Dopowiedzenie
    • całość
040 -Instytucja sporządzająca opis [ , ]
    • a
    • Instytucja, która sporządziła opis (NP)
    • NUKAT
    • c
    • Instytucja, która sporządziła rekord (NP)
    • WR U/jc
    • d
    • Instytucja, która zmodyfikowała rekord (P)
    • WR U/ms
    • d
    • Instytucja, która zmodyfikowała rekord (P)
    • Ł U/ips
942 -Rodzaj dokumentu [ , ]
    • c
    • Rodzaj dokumentu
    • Książka
245 -Strefa tytułu i oznaczenia odpowiedzialności [0,0]
    • a
    • Tytuł
    • Podstawy ekonomiki przedsiębiorstw. Find
    • n
    • Oznaczenie części (P)
    • T. 1 /
    • c
    • Pozostałe elementy strefy tytułu i oznaczenia odpowiedzialności (NP)
    • [aut.: Maria Białasiewicz et al. ; red. nauk. Stanisław Marek] ; Uniwersytet Szczeciński.
260 -Strefa adresu wydawniczego [ , ]
    • a
    • Miejsce wydania (P)
    • Szczecin :
    • b
    • Nazwa wydawcy (P)
    • Wydawnictwo Naukowe Uniwersytetu Szczecińskiego,
    • c
    • Data wydania (P)
    • 1994.
300 -Strefa opisu fizycznego [ , ]
    • a
    • Określenie formy książki i/lub objętość (NP)
    • 337 s. ;
    • c
    • Format (NP)
    • 25 cm.
336 -Typ zawartości [ , ]
    • a
    • Termin opisujący typ zawartości
    • Tekst
    • b
    • Kod określający zawartość
    • txt
    • 2
    • Źródło (terminu i kodu)
    • rdacontent
337 -Typ mediów [ , ]
    • a
    • Tryb odtwarzania
    • Bez urządzenia pośredniczącego
    • b
    • Kod typu mediów
    • n
    • 2
    • Źródło (terminu i kodu)
    • rdamedia
338 -Typ/rodzaj nośnika [ , ]
    • a
    • Hasło opisujące typ nośnika
    • Wolumin
    • b
    • Kod typu nośnika
    • nc
    • 2
    • Źródło (terminu i kodu)
    • rdacarrier
521 -Uwaga dot. przeznaczenia czytelniczego [8, ]
    • a
    • Uwaga dot. przeznaczenia czytelniczego
    • Skrypt dla studentów kierunków ekonomicznych.
080 -Uniwersalna Klasyfikacja Dziesiętna [ , ]
    • a
    • Symbol klasyfikacji
    • 658.1/.5
    • 2
    • Identyfikator wydania tablic
    • UDC-P058
    • 9
    • UKD
    • 5601
    • b
    • Dopowiedzenie
    • Organizacja przedsiębiorstwa.
    • 4
    • UKD2
    • 7665
    • x
    • Poddział wspólny
    • (075.8)
    • c
    • Dopowiedzenie poddz. wspólnego
    • (Podręczniki dla szkół wyższych. Skrypty).
650 -Hasło przedmiotowe [ ,7]
    • a
    • Hasło przedmiotowe
    • Ekonomika przedsiębiorstwa
    • v
    • Określnik formalny
    • podręczniki akademickie.
    • 2
    • Źródło terminu
    • kaba
    • 9
    • KHW
    • 350632
980 -Symbol UKD [ , ]
    • a
    • UKD
    • 658.1/.5(075.8)
700 -Hasło dodatkowe - nazwa osobowa [1, ]
    • a
    • Nazwa osobowa (NP)
    • Białasiewicz, Maria. Find
    • 9
    • KHW
    • 20620
700 -Hasło dodatkowe - nazwa osobowa [1, ]
    • a
    • Nazwa osobowa (NP)
    • Marek, Stanisław Find
    • c
    • Dopowiedzenie inne niż daty biograficzne (NP)
    • (ekonomista).
    • e
    • Określenie rodzaju współpracy
    • Red.
    • 9
    • KHW
    • 46884
710 -Hasło dodatkowe - nazwa ciała zbiorowego [2, ]
    • a
    • Nazwa ciała zbiorowego lub nazwa geograficzna jako pierwszy element (NP)
    • Uniwersytet Szczeciński.
    • b
    • Nazwa jednostki podrzędnej (P)
    • Wydawnictwo Naukowe.
    • 4
    • Kod relacji
    • pbl
    • 9
    • KHW
    • 51208
920 -ISBN [ , ]
    • a
    • ISBN
    • 83-85798-29-3 Find
    • q
    • Dopowiedzenie
    • całość
Data inwentaryzacji Lokalizacja Status udost. Numer inwentarzowy Sygnatura
1995-08-28BE-2E.62428 
1995-08-28BE2S.76818 
1995-08-28BE2S.76820 
1995-08-28BE2S.76822 
1995-08-28BE2S.76824 
1995-08-28BE2S.76826 
1995-08-28BE2S.76828 
1995-08-28BE2S.76830 
1995-08-28BE2S.76832 
1995-08-28BE2S.76834 
1995-08-28BE2S.76836 
1995-08-28BE2S.76838 
1995-08-28BE2S.76840 
1995-08-28BE2S.76842 
1995-08-28BE2S.76844 
1995-08-28BE2S.76846 
1995-08-28BE2S.76848 
1995-08-28BE2S.76850 
1995-08-28BE2S.76852 
1995-08-28BE2S.76854 
1995-08-28BE2S.76856 
1995-08-28BE2S.76858 
1995-08-28BE2S.76860 
1995-08-28BE-6S.76862 
1995-08-28BE2S.76864 
1995-08-28BE2S.76866 
1995-08-28BE2S.76868 
1995-08-28BE2S.76870 
1996-10-07BE2S.79298 
1997-10-01BE-3S.80969 
2000-04-19BE2S.85739 
1995-08-28T-11TS.76872 
1995-08-28T-11TS.76874 
1995-08-28T-11TS.76876 
1995-08-28T-11TS.76878 
1995-08-28T-11TS.76880 
1995-08-28T-11TS.76882 
1995-08-28T-11TS.76884 
1995-08-28T-11TS.76886 
1995-08-28T-11TS.76888 
1995-08-28T-11TS.76890 
1995-08-28T-11TS.76892 
1995-08-28T-11TS.76894 
1995-08-28T-11TS.76896 
1996-10-07T-11TS.79299TS.79299